[Event "Titled Tuesday intern op 18th Jul Early"]
[Site "Chess.com INT"]
[Date "2023.07.18"]
[Round "9"]
[White "Zacurdajev, Dmitry"]
[Black "Llari, Marc"]
[Result "0-1"]
[WhiteElo "2273"]
[BlackElo "2110"]
[PlyCount "80"]
[EventDate "2023.07.18"]
[EventType "swiss (blitz)"]
[EventRounds "11"]
[EventCountry "USA"]
[SourceTitle "EXT 2024"]
[Source "ChessBase"]
[SourceDate "2023.10.10"]
[SourceVersion "1"]
[SourceVersionDate "2023.10.10"]
[SourceQuality "1"]

1. d4 g6 2. c4 Bg7 3. Nc3 c5 4. e3 Nf6 5. Nf3 0-0 6. Be2 Nc6 7. d5 Na5 8. e4 d6 9. h3 a6 10. 0-0 Rb8 11. a4 b5 12. axb5 axb5 13. cxb5 c4 14. Nd4 e5 15. Nc6 Nxc6 16. bxc6 Rb4 17. Ra4 Qb6 18. Bxc4 Rxa4 19. Qxa4 Nh5 20. b4 Nf4 21. Be3 Qd8 22. Ne2 Bxh3 23. Bxf4 exf4 24. gxh3 f3 25. Ng3 h5 26. Qd1 h4 27. Qxf3 hxg3 28. fxg3 Qb6+ 29. Kh1 Qxb4 30. Bd3 Be5 31. Qe2 Bxg3 32. Qc2 Be5 33. c7 Rb8 34. c8Q+ Rxc8 35. Qxc8+ Kg7 36. Qd7 Qd2 37. Qxf7+ Kh6 38. Qf8+ Kg5 39. Rg1+ Kh4 40. Qh8+ Bxh8 0-1

[Event "Titled Tuesday intern op 11th Jul Early"]
[Site "Chess.com INT"]
[Date "2023.07.11"]
[Round "1"]
[White "Zacurdajev, Dmitry"]
[Black "Goutham Krishna, H."]
[Result "0-1"]
[WhiteElo "2273"]
[BlackElo "2266"]
[PlyCount "65"]
[EventDate "2023.07.11"]
[EventType "swiss (blitz)"]
[EventRounds "11"]
[EventCountry "USA"]
[SourceTitle "EXT 2024"]
[Source "ChessBase"]
[SourceDate "2023.10.10"]
[SourceVersion "1"]
[SourceVersionDate "2023.10.10"]
[SourceQuality "1"]

1. d4 Nf6 2. c4 g6 3. Nc3 Bg7 4. e4 d6 5. Be2 0-0 6. h4 h5 7. Bg5 Nh7 8. Be3 e5 9. d5 a5 10. Qd2 Na6 11. g4 Bxg4 12. Bxg4 hxg4 13. h5 g5 14. h6 Bh8 15. Nge2 Bf6 16. 0-0-0 Qd7 17. Rdg1 Be7 18. Ng3 f6 19. Nf5 Rf7 20. Rxg4 Nf8 21. Rhg1 Kh8 22. f4 exf4 23. Bxf4 Ng6 24. Be3 Kh7 25. Qf2 Ne5 26. Qe2 Nxg4 27. Qxg4 Re8 28. e5 fxe5 29. Rf1 Ref8 30. Bxg5 Rg8 31. Ne4 Nc5 32. Nxc5 dxc5 33. Bxe7 0-1

[Event "Titled Tuesday intern op 11th Jul Early"]
[Site "Chess.com INT"]
[Date "2023.07.11"]
[Round "3"]
[White "Zacurdajev, Dmitry"]
[Black "Iskusnyh, Sergei"]
[Result "1-0"]
[WhiteElo "2273"]
[BlackElo "2440"]
[PlyCount "113"]
[EventDate "2023.07.11"]
[EventType "swiss (blitz)"]
[EventRounds "11"]
[EventCountry "USA"]
[SourceTitle "EXT 2024"]
[Source "ChessBase"]
[SourceDate "2023.10.10"]
[SourceVersion "1"]
[SourceVersionDate "2023.10.10"]
[SourceQuality "1"]

1. d4 d5 2. c4 c6 3. Nc3 Nf6 4. Nf3 e6 5. Bg5 Nbd7 6. e3 Be7 7. Qc2 h6 8. Bh4 0-0 9. Rd1 a6 10. c5 b5 11. Bd3 e5 12. dxe5 Ne8 13. Bg3 Nxc5 14. Bh7+ Kh8 15. 0-0 Bb7 16. e4 Kxh7 17. exd5+ Kg8 18. dxc6 Qb6 19. cxb7 Qxb7 20. Nd5 Rc8 21. Rfe1 Bd8 22. Rc1 Qxd5 23. Red1 Qe6 24. b4 Bb6 25. bxc5 Rxc5 26. Qe4 Rxc1 27. Rxc1 Nd6 28. Qc6 Nf5 29. Qxe6 fxe6 30. Rc6 Rd8 31. h3 Nxg3 32. Rxb6 Rd1+ 33. Kh2 Nf1+ 34. Kg1 Nd2+ 35. Kh2 Nxf3+ 36. gxf3 Kf7 37. Rxa6 Re1 38. f4 Re4 39. Kg3 Rb4 40. f3 Rb1 41. a3 Rb3 42. Rb6 Ke7 43. Kg4 Kf7 44. h4 Rb1 45. Rb7+ Kf8 46. f5 exf5+ 47. Kxf5 Rb3 48. Ke6 Kg8 49. f4 Rf3 50. f5 Rc3 51. f6 gxf6 52. exf6 Re3+ 53. Kf5 Rf3+ 54. Kg6 Rg3+ 55. Kxh6 Kf8 56. Rxb5 Rxa3 57. Rb7 1-0

[Event "Titled Tuesday intern op 04th Jul Early"]
[Site "Chess.com INT"]
[Date "2023.07.04"]
[Round "5"]
[White "Przybylski, Wojciech"]
[Black "Zacurdajev, Dmitry"]
[Result "1-0"]
[WhiteElo "2308"]
[BlackElo "2273"]
[PlyCount "101"]
[EventDate "2023.07.04"]
[EventType "swiss (blitz)"]
[EventRounds "11"]
[EventCountry "USA"]
[SourceTitle "EXT 2024"]
[Source "ChessBase"]
[SourceDate "2023.10.10"]
[SourceVersion "1"]
[SourceVersionDate "2023.10.10"]
[SourceQuality "1"]

1. e4 c6 2. d4 d5 3. Nc3 dxe4 4. Nxe4 Nf6 5. Nc3 Bg4 6. Qd3 e6 7. Bf4 Bd6 8. Bxd6 Qxd6 9. h3 Bf5 10. Qd2 Na6 11. a3 Nc7 12. Nge2 0-0-0 13. 0-0-0 e5 14. Qg5 g6 15. g4 h6 16. Qe3 exd4 17. Rxd4 Ncd5 18. Nxd5 Nxd5 19. Qd2 Be6 20. c4 Qc5 21. b4 Nxb4 22. axb4 Qe5 23. f4 Qf6 24. Qc3 Qe7 25. Bg2 h5 26. g5 Bf5 27. Bf3 Rhe8 28. Rhd1 Rxd4 29. Rxd4 Bxh3 30. c5 Qe6 31. Re4 Qd7 32. Rxe8+ Qxe8 33. Qe5 Be6 34. Nd4 Qd7 35. Nxe6 fxe6 36. Be4 b6 37. Qd6 bxc5 38. Qxd7+ Kxd7 39. bxc5 h4 40. Kd2 e5 41. f5 gxf5 42. Bxf5+ Ke7 43. Be4 Ke6 44. Kc3 a5 45. Kc4 h3 46. Bxc6 Kf5 47. Bh1 Kxg5 48. c6 Kf6 49. c7 a4 50. c8Q a3 51. Qd8+ 1-0